000 00727nam a2200205Ia 4500
003 GCL
008 140319s9999 xx 000 0 ara d
040 _aGCL /
_cGCL
082 0 4 _aق
_b962.43
_bج ب
100 1 _aجاد طه
245 1 0 _aبريطانيا والجيش المصرى فى ضوء الوثائق البريطانيه - ج 1 /
_cجاد طه
300 _a238 ص
490 _aالهيئة العامة للاستعلامات
_v0
650 0 4 _aالتاريخ
650 0 4 _aالاستعمار البريطانى
650 0 4 _aالسودان - تاريخ - العصر الحديث
650 0 4 _aمصر - الجيش
650 0 4 _aمصر - تاريخ - العصر الحديث (1805 - 1956 )
942 _2ddc
_cBK
999 _c51733
_d51733